00387 2200157 4500001002100000005001500021035002000036245003800056100001900094300002600113260003400139082000800173084001400181020002200195990001200217INLIS00000000000188520250519075343 a0010-05250001771 aMe Photo Travel /cWahyu Mahendra0 aWahyu Mahendra a200 hlm ;c14 x 20 cm aJakarta :bBhumi Anoma,c2019 a900 a900 WAH m a978-623-7211-32-7 a0754832